Statistics for Top 100 Video Games Of All Time According to IGN

Click here to take the quiz!

General Stats

  • This quiz has been taken 252 times
  • The average score is 47 of 100

Answer Stats

Rank Date Game % Correct
11990Super Mario World
94%
611995Super Mario World 2: Yoshi's Island
94%
292007Super Mario Galaxy
94%
141985Super Mario Bros.
94%
101996Super Mario 64
94%
842017Super Mario Odyssey
94%
61988Super Mario Bros. 3
94%
792003The Legend of Zelda: The Wild Waker
83%
51991The Legend of Zelda: A Link to the Past
83%
572007Call of Duty 4: Modern Warfare
83%
522000The Legend of Zelda: Majora's Mask
83%
21998The Legend of Zelda: Ocarina of Time
83%
351987The Legend of Zelda
83%
262017The Legend of Zelda: Breath of the Wild
83%
592004Grand Theft Auto: San Andreas
82%
822002Grand Theft Auto: Vice City
82%
172013Grand Theft Auto V
82%
232004Halo 2
68%
361999Pokemon Yellow
68%
1002016Pokemon Go
68%
132001Halo: Combat Evolved
68%
711998Final Fantasy Tactics
66%
991997Final Fantasy VII
66%
381994Final Fantasy VI
66%
762011The Elder Scrolls V: Skyrim
66%
71984Tetris
61%
671981Donkey Kong
60%
92010Red Dead Redemption
59%
212004Metal Gear Solid 3: Snake Eater
57%
392001Metal Gear Solid 2: Sons of Liberty
57%
481982Mrs. Pac-Man
57%
301998Metal Gear Solid
57%
151991Street Fighter 2
55%
441996Resident Evil
54%
412004World of Warcraft
54%
242009Minecraft
54%
322005Resident Evil 4
54%
332002Metroid Prime
52%
41994Super Metroid
52%
191993Doom
52%
221998Half-Life
51%
32007Portal
51%
112011Portal 2
51%
82004Half-Life 2
51%
202013The Last of Us
50%
732002Battlefield 1942
48%
402003Star Wars: Knights of the Old Republic
47%
702002Star Wars Jedi Knight II: Jedi Outcast
47%
961994Star Wars: TIE Fighter
46%
532009Uncharted 2: Among Thieves
45%
772001Super Smash Bros. Melee
45%
632008Fallout 3
45%
921998Fallout 2
45%
272007Bioshock
43%
781997GoldenEye 007
42%
582007Mass Effect
40%
372010Mass Effect 2
40%
312015The Witcher 3: Wild Hunt
40%
121997Castlevania: Symphony of the Night
39%
562011Batman: Arkham City
39%
602001Silent Hill 2
39%
421998StarCraft
38%
902009League of Legends
38%
512016Overwatch
36%
432000Diablo II
35%
181995Chrono Trigger
34%
722013Dota 2
32%
282005Shadow of the Colossus
32%
891990Megaman 3
31%
162011Dark Souls
31%
971995Warcraft II: Tides of Darkness
29%
252005Sid Meier's Civilization IV
29%
652000The Sims
27%
662007Team Fortress 2
27%
621998Banjo-Kazooie
27%
912015Undertale
27%
472003Counter-Strike 1.6
26%
871993SimCity 2000
24%
932004Burnout 3: Takedown
23%
451995EarthBound
23%
981981Galaga
22%
861987Contra
20%
881998Soulcalibur
19%
492000Baldur's Gate II: Shadows of Amn
19%
692000Thief II: The Metal Age
18%
812017Persona 5
17%
642007Rock Band
17%
462008Persona 4: Golden
17%
831999System Shock 2
17%
941991Monkey Island 2: LeChuck's Revenge
16%
801998Grim Fandango
15%
342015Bloodbourne
15%
502000Deus Ex
14%
751994X-COM: UFO Defense
14%
951971The Oregon Trail
14%
741999Suikoden II
13%
542012Journey
13%
852016Inside
13%
552016The Witness
13%
682012Spelunky
13%

Score Distribution

Percentile by Number Answered

Percent of People with Each Score

Your Score History

You have not taken this quiz